Sitcom Slot Machine Quiz Stats

 Plays Quiz Updated Jun 20, 2013

Challenge
Share
Tweet
Score 0/105 Timer 06:00
2 Plays Today
% Correct
Everybody Loves Raymond
97.7%
Everybody Loves Raymond
97.7%
Everybody Loves Raymond
97.7%
That '70s Show
94.6%
That '70s Show
94.6%
That '70s Show
94.6%
Married… with Children
94.5%
Married… with Children
94.5%
Married… with Children
94.5%
Curb Your Enthusiasm
92.5%
Curb Your Enthusiasm
92.5%
Curb Your Enthusiasm
92.5%
Parks and Recreation
92.3%
Parks and Recreation
92.3%
Parks and Recreation
92.3%
Doogie Howser, M.D.
90.9%
Doogie Howser, M.D.
90.9%
Doogie Howser, M.D.
90.9%
Mork & Mindy
89.1%
Mork & Mindy
89.1%
Mork & Mindy
89.1%
Dennis The Menace
89%
Dennis The Menace
89%
Dennis The Menace
89%
Laverne & Shirley
88.6%
Laverne & Shirley
88.6%
Laverne & Shirley
88.6%
Everybody Hates Chris
87.4%
Everybody Hates Chris
87.4%
Everybody Hates Chris
87.4%
Sanford and Son
86.6%
Sanford and Son
86.6%
Sanford and Son
86.6%
Boy Meets World
86.5%
Boy Meets World
86.5%
% Correct
Boy Meets World
86.5%
Will & Grace
85.9%
Will & Grace
85.9%
Will & Grace
85.9%
Rules of Engagement
85.4%
Rules of Engagement
85.4%
Rules of Engagement
85.4%
I Love Lucy
79.7%
I Love Lucy
79.7%
I Love Lucy
79.7%
Kenan & Kel
79.2%
Kenan & Kel
79.2%
Kenan & Kel
79.2%
Father Knows Best
78.8%
Father Knows Best
78.8%
Father Knows Best
78.8%
8 Simple Rules
78.1%
8 Simple Rules
78.1%
8 Simple Rules
78.1%
2 Broke Girls
77.9%
2 Broke Girls
77.9%
2 Broke Girls
77.9%
Welcome Back, Kotter
76.8%
Welcome Back, Kotter
76.8%
Welcome Back, Kotter
76.8%
Mad About You
76.7%
Mad About You
76.7%
Mad About You
76.7%
Hot in Cleveland
76.2%
Hot in Cleveland
76.2%
Hot in Cleveland
76.2%
Men Behaving Badly
74.5%
Men Behaving Badly
74.5%
Men Behaving Badly
74.5%
Who's the Boss?
74.5%
% Correct
Who's the Boss?
74.5%
Who's the Boss?
74.5%
WKRP in Cincinnati
74%
WKRP in Cincinnati
74%
WKRP in Cincinnati
74%
Grace Under Fire
70.8%
Grace Under Fire
70.8%
Grace Under Fire
70.8%
Gomer Pyle U.S.M.C.
70.1%
Gomer Pyle U.S.M.C.
70.1%
Gomer Pyle U.S.M.C.
70.1%
Just Shoot Me
69.7%
Just Shoot Me
69.7%
Just Shoot Me
69.7%
Keeping Up Appearances
68.8%
Keeping Up Appearances
68.8%
Keeping Up Appearances
68.8%
Gimme a Break!
66.8%
Gimme a Break!
66.8%
Gimme a Break!
66.8%
My Three Sons
61.8%
My Three Sons
61.8%
My Three Sons
61.8%
Bless This House
59.9%
Bless This House
59.9%
Bless This House
59.9%
Harper Valley P.T.A.
58%
Harper Valley P.T.A.
58%
Harper Valley P.T.A.
58%
Love, American Style
50.1%
Love, American Style
50.1%
Love, American Style
50.1%
Big Brother Jake
42.5%
Big Brother Jake
42.5%
Big Brother Jake
42.5%

You're not logged in!

Compare scores with friends on all Sporcle quizzes.
Join for Free
OR
Log In

You Might Also Like...

Show Comments

Extras

Top Quizzes Today


Score Distribution

Your Account Isn't Verified!

In order to create a playlist on Sporcle, you need to verify the email address you used during registration. Go to your Sporcle Settings to finish the process.

Report this User

Report this user for behavior that violates our Community Guidelines.

Details: